| 000 | 00362 a2200145 4500 | ||
|---|---|---|---|
| 005 | 20250626155127.0 | ||
| 020 | _a0-07-231265-3 | ||
| 082 | _a658.5 NAH | ||
| 100 | _aNAHMIAS, S. | ||
| 245 | _aProduction and Operations Analysis. | ||
| 250 | _a4th Ed. | ||
| 260 |
_aBoston, _bMcGraw-Hill, _c2001. |
||
| 300 |
_axxxvi; 810p.: ill.; _bIndex _c26cm |
||
| 942 |
_2ddc _cBKS |
||
| 999 |
_c5301 _d5301 |
||